| 000 | 006400000a22002170004500 | ||
|---|---|---|---|
| 003 | LK-CoMWRAF | ||
| 005 | 20231206152603.0 | ||
| 008 | 230817t2002 ||||| |||| 00| 0 eng d | ||
| 020 | _a0312303955 | ||
| 040 |
_aLK-CoMWRAF _dLK-CoMWRAF _eLK-CoMWRAF |
||
| 041 | _aeng | ||
| 082 |
_a746.9 _bREA |
||
| 100 | _aReakes, Lizzie | ||
| 245 |
_aBeautiful Ragwork: _bOver 20 Hand-Hooked Designs for Floors, Walls, Furniture, and Accessories |
||
| 260 |
_aNew York: _bSt. Martins press, _c2002 |
||
| 300 |
_a127 p. : color ill. ; 23 cm _bIndex included |
||
| 650 | _aRAGWORK | ||
| 650 | _aRugs, Hooked | ||
| 650 | _aTextile crafts | ||
| 942 | _cBK | ||
| 999 |
_c1297 _d1297 |
||